000 01028nam a2200253 i 4500
001 39584
003 ES-MaACL
005 20230906160033.0
007 t|
008 030303s1944 mx |||| | spa d
130 0 _aCancionero de Uppsala.
_9166709
245 1 0 _aCancionero de Uppsala /
_cintroducción, notas y comentarios de Rafael Mitjana ; transcripción musical con notación moderna de Jesús Bal y Gay ; con un estudio sobre "El villancico polifónico" de Isabel Pope.
250 _a1ª ed. moderna completa.
260 _aMéxico :
_bEl Colegio de México :
_b[Fondo de Cultura Económica],
_c1944.
300 _a226 p. ;
_c32 cm.
650 _aVillancicos-
_zEspaña.
_9173069
650 4 _aCanciones españolas-
_yS.XVI-
_xHistoria y crítica.
_910724
650 4 _aPoesía española-
_yS.XVI-XVII-
_vHistoria y crítica.
_916174
700 1 _aMitjana, Rafael.
_981697
700 1 _aPope, Isabel.
_993083
700 1 _aBal y Gay, Jesús.
_924791
710 2 _aColegio de México.
_92911
852 _aES-MaACL
_jD-7029
999 _c39584
_d39584